Statistics for Obscure/Fun Baseball Stats

Click here to take the quiz!

General Stats

  • This quiz has been taken 14 times
  • The average score is 3 of 45

Answer Stats

GroupRankStatisticPlayer% Correct
Power-Speed Number1613.90Barry Bonds
54%
Manager Ejections1158Bobby Cox
31%
Power-Speed Number2490.41Rickey Henderson
31%
Power-Speed Number3447.05Willie Mays
31%
Manager Ejections494Earl Weaver
15%
Balks442Phil Niekro
15%
Manager Ejections589Tony La Russa
15%
Power-Speed Number4446.80Alex Rodriguez
8%
Total Zone Runs2253Andruw Jones
8%
Base-Out Runs Added11357.796Barry Bonds
8%
Power-Speed Number5386.01Bobby Bonds
8%
Total Zone Runs4239Ozzie Smith
8%
Situational Wins550.79Randy Johnson
8%
Situational Wins173.27Roger Clemens
8%
Base-Out Runs Added4974.167Willie Mays
8%
Field Independent Pitching32.250Addie Joss
0%
Stolen Base Percentage187.912Alexi Casilla
0%
Balks245Bob Welch
0%
Total Zone Runs1293Brooks Robinson
0%
Balks343Bud Black
0%
Stolen Base Percentage386.427Carlos Beltran
0%
Balks442Charlie Hough
0%
Stolen Base Percentage287.500Chase Utley
0%
Field Independent Pitching52.263Christy Mathewson
0%
Field Independent Pitching12.018Ed Walsh
0%
Situational Wins261.71Greg Maddux
0%
Base-Out Runs Added3994.632Hank Aaron
0%
Stolen Base Percentage485.714Jack Perconte
0%
Stolen Base Percentage585.161Jayson Werth
0%
At-Bats Per Strikeout262.56Joe Sewell
0%
At-Bats Per Strikeout443.51Joe Start
0%
Manager Ejections2122John McGraw
0%
Situational Wins354.87Lefty Grove
0%
Manager Ejections3100Leo Durocher
0%
At-Bats Per Strikeout344.92Lloyd Waner
0%
Base-Out Runs Added5972.460Lou Gehrig
0%
Total Zone Runs3241Mark Belanger
0%
At-Bats Per Strikeout542.74Nellie Fox
0%
Situational Wins452.82Pedro Martinez
0%
Total Zone Runs5205Roberto Clemente
0%
Field Independent Pitching22.033Rube Waddell
0%
Field Independent Pitching42.256Smoky Joe Wood
0%
Balks190Steve Carlton
0%
Base-Out Runs Added21164.766Ted Williams
0%
At-Bats Per Strikeout163.17Willie Keeler
0%

Score Distribution

Percentile by Number Answered

Percent of People with Each Score

Your Score History

You have not taken this quiz